Statistics for Newjeans all songs(May 2024 update)

Click here to take the quiz!

General Stats

  • This quiz has been taken 234 times
    (25 since last reset)
  • The average score is 16 of 19

Answer Stats

HintAnswer% Correct
New JeansAttention
100%
New JeansCookie
100%
Get UpCool With You
100%
Pre-release
(OMG)
Ditto
100%
Pre-release
(Get Up)
New Jeans
100%
OMGOMG
100%
How SweetBubble Gum
93%
League of Legends
Word
Championship
Theme Song
GODS
93%
How SweetHow Sweet
93%
New JeansHype Boy
93%
Pre-release
(Get Up)
Super Shy
93%
Coca Cola x
Newjeans
Zero
93%
Get UpASAP
86%
Get UpETA
86%
Get UpGet Up
86%
New JeansHurt
86%
Collaboration
Single (with J.I.D,
Camilo, Jon Batiste)
Be Who You Are
(Real Magic)
43%
A Time Called
You OST
Beautiful
Restriction
36%
My Demon OST
Our Night is
more beautiful
than your Day
36%

Score Distribution

Percentile by Number Answered

Percent of People with Each Score

Your Score History

You have not taken this quiz since the last reset